| 000 | 00758nam a22002297a 4500 | ||
|---|---|---|---|
| 005 | 2011091905025.0 | ||
| 008 | 110919t xxu||||| |||| 00| 0 eng d | ||
| 010 | _aENG-103703 | ||
| 020 |
_c90.00 _a9788125042884 |
||
| 035 | _aEN-87236 | ||
| 037 | _bDBAD/PUB | ||
| 040 |
_aDPL _bEng |
||
| 082 | _a485 | ||
| 100 | _934730 | ||
| 245 |
_aKeeping pace : _cedited by Annie John...[et al] _bEnglish skills for success / |
||
| 260 |
_aMumbai _bOrient Blackswan _c2011 |
||
| 270 |
_aKamani Marg, Ballard Estate _bMumbai _e400001 |
||
| 300 |
_aiv,178p. _c22cm (pbk) |
||
| 700 |
_934731 _aAnnie John |
||
| 942 |
_2ddc _cEN _mKEE _h485 |
||
| 999 |
_c56661 _d56661 |
||